<?xml version="1.0" encoding="UTF-8"?>
<record
    xmlns:xsi="http://www.w3.org/2001/XMLSchema-instance"
    xsi:schemaLocation="http://www.loc.gov/MARC21/slim http://www.loc.gov/standards/marcxml/schema/MARC21slim.xsd"
    xmlns="http://www.loc.gov/MARC21/slim">

  <leader>00738cam a22002171a 4500</leader>
  <controlfield tag="001">ne 68001568 </controlfield>
  <controlfield tag="003">DLC</controlfield>
  <controlfield tag="005">20260227111841.0</controlfield>
  <controlfield tag="008">870420s1926    ua       b    000 0 arar </controlfield>
  <datafield tag="010" ind1=" " ind2=" ">
    <subfield code="a">ne 68001568 </subfield>
  </datafield>
  <datafield tag="035" ind1=" " ind2=" ">
    <subfield code="a">(OCoLC)15554588</subfield>
  </datafield>
  <datafield tag="040" ind1=" " ind2=" ">
    <subfield code="a">DLC</subfield>
    <subfield code="c">InU</subfield>
    <subfield code="d">InU</subfield>
    <subfield code="d">DLC</subfield>
  </datafield>
  <datafield tag="042" ind1=" " ind2=" ">
    <subfield code="a">premarc</subfield>
  </datafield>
  <datafield tag="050" ind1="0" ind2="0">
    <subfield code="a">PJ7543.T33</subfield>
    <subfield code="b">H8</subfield>
  </datafield>
  <datafield tag="100" ind1="1" ind2=" ">
    <subfield code="a">&#x1E24;usayn, Mu&#x1E25;ammad al-Khi&#x1E0D;r.</subfield>
  </datafield>
  <datafield tag="245" ind1="1" ind2="0">
    <subfield code="a">Naq&#x1E0D; kit&#x101;b F&#x12B; al-shi&#x2BB;r al-J&#x101;hil&#x12B; /</subfield>
    <subfield code="c">ta&#x2BC;l&#x12B;f Mu&#x1E25;ammad al-Khi&#x1E0D;r &#x1E24;usayn.</subfield>
  </datafield>
  <datafield tag="260" ind1=" " ind2=" ">
    <subfield code="a">al-Q&#x101;hirah :</subfield>
    <subfield code="b">al-Ma&#x1E6D;ba&#x2BB;ah al-Salaf&#x12B;yah wa-Maktabatuh&#x101;,</subfield>
    <subfield code="c">1345 [1926 or 7]</subfield>
  </datafield>
  <datafield tag="300" ind1=" " ind2=" ">
    <subfield code="a">7, 362 p. ;</subfield>
    <subfield code="c">25 cm.</subfield>
  </datafield>
  <datafield tag="504" ind1=" " ind2=" ">
    <subfield code="a">Includes bibliographical references.</subfield>
  </datafield>
  <datafield tag="600" ind1="1" ind2="0">
    <subfield code="a">&#x1E24;usayn, &#x1E6C;&#x101;h&#x101;,</subfield>
    <subfield code="d">1889-1973.</subfield>
    <subfield code="t">F&#x12B; al-shi&#x2BB;r al-J&#x101;hil&#x12B;.</subfield>
  </datafield>
  <datafield tag="999" ind1=" " ind2=" ">
    <subfield code="c">50329</subfield>
    <subfield code="d">50329</subfield>
  </datafield>
</record>
